Sports Quiz

Random Sports or NCAA Quiz

Oldest NCAA Conference Mascots Quiz Stats

 Plays Quiz not verified by Sporcle

Score 0/182 Timer 20:00
0 Plays Today
Hint Answer % Correct
Big TenHoosiers
95.7%
Big TenWolverines
94.7%
Big TenSpartans
94.7%
WACWolverines
94.7%
SouthernSpartans
94.7%
MEACSpartans
94.7%
Big TenBuckeyes
93.6%
Big TenWildcats
93.6%
Big TenBadgers
93.6%
Ohio ValleyTigers
93.6%
Pac-12Wildcats
93.6%
SouthlandWildcats
93.6%
SWACTigers
93.6%
SWACTigers
93.6%
SWACTigers
93.6%
West CoastTigers
93.6%
SECTigers
93.6%
SECTigers
93.6%
SECTigers
93.6%
SECWildcats
93.6%
ACCTigers
93.6%
IvyTigers
93.6%
Big SkyWildcats
93.6%
MEACWildcats
93.6%
MEACTigers
93.6%
Big TenNittany Lions
92.6%
Big TenCornhuskers
92.6%
Big TenTerrapins
91.5%
Big TenHawkeyes
91.5%
Big TenGolden Gophers
91.5%
Big WestAggies
91.5%
Missouri ValleyBulldogs
91.5%
Ohio ValleyEagles
91.5%
Pac-12Cardinal
91.5%
SouthlandCardinals
91.5%
SouthlandCardinals
91.5%
SWACBulldogs
91.5%
West CoastBulldogs
91.5%
WACAggies
91.5%
Mid-AmericanEagles
91.5%
Mid-AmericanCardinals
91.5%
SouthernBulldogs
91.5%
SouthernBulldogs
91.5%
SECAggies
91.5%
SECBulldogs
91.5%
SECVolunteers
91.5%
SECBulldogs
91.5%
SECGators
91.5%
ACCCardinals
91.5%
ACCEagles
91.5%
IvyBulldogs
91.5%
Big SkyEagles
91.5%
MEACEagles
91.5%
MEACAggies
91.5%
MEACEagles
91.5%
MEACBulldogs
91.5%
Big TenScarlet Knights
90.4%
Big TenBoilermakers
90.4%
Missouri ValleyPanthers
90.4%
Ohio ValleyPanthers
90.4%
SWACPanthers
90.4%
Hint Answer % Correct
ACCPanthers
90.4%
IvyCrimson
90.4%
Big TenFighting Illini
89.4%
Missouri ValleyBears
89.4%
Ohio ValleyGamecocks
89.4%
Pac-12Ducks
89.4%
SouthlandBears
89.4%
SouthernBears
89.4%
SECCrimson Tide
89.4%
SECGamecocks
89.4%
ACCOrange
89.4%
ACCFighting Irish
89.4%
ACCHurricanes
89.4%
ACCYellow Jackets
89.4%
ACCSeminoles
89.4%
ACCBlue Devils
89.4%
IvyBears
89.4%
Big SkyBears
89.4%
MEACBears
89.4%
Pac-12Sun Devils
88.3%
Pac-12Trojans
88.3%
Pac-12Huskies
88.3%
SouthlandHuskies
88.3%
Mid-AmericanHuskies
88.3%
SECRazorbacks
88.3%
ACCTar Heels
88.3%
Pac-12Beavers
87.2%
ACCCavaliers
87.2%
Ohio ValleyBruins
86.2%
Ohio ValleyCougars
86.2%
Pac-12Bruins
86.2%
Pac-12Cougars
86.2%
West CoastCougars
86.2%
WACCougars
86.2%
ACCDemon Deacons
86.2%
ACCHokies
86.2%
ACCWolfpack
86.2%
Pac-12Golden Bears
85.1%
Pac-12Buffaloes
84%
Pac-12Utes
84%
Mid-AmericanZips
84%
SECRebels
84%
SECCommodores
83%
Mid-AmericanBobcats
80.9%
Big SkyBobcats
80.9%
Mid-AmericanBulls
78.7%
Missouri ValleyShockers
76.6%
Mid-AmericanRockets
75.5%
West CoastBroncos
74.5%
Mid-AmericanBroncos
74.5%
Ohio ValleyRedhawks
73.4%
WACRedhawks
73.4%
Mid-AmericanRedHawks
73.4%
SouthlandLions
72.3%
West CoastLions
72.3%
IvyLions
72.3%
Big SkyVandals
72.3%
Big WestRainbow Warriors
71.3%
Mid-AmericanChippewas
71.3%
IvyBig Red
71.3%
Mid-AmericanFalcons
70.2%
Hint Answer % Correct
IvyQuakers
69.1%
MEACBison
69.1%
Missouri ValleySycamores
68.1%
Mid-AmericanGolden Flashes
67%
Big SkyGrizzlies
66%
Missouri ValleySalukis
64.9%
IvyBig Green
63.8%
MEACPirates
63.8%
Ohio ValleyRacers
60.6%
Missouri ValleyRedbirds
59.6%
SWACJaguars
59.6%
Missouri ValleyPurple Aces
58.5%
Missouri ValleyBraves
55.3%
SWACBraves
55.3%
West CoastGaels
55.3%
West CoastDons
55.3%
MEACRattlers
55.3%
Big WestAnteaters
54.3%
SouthlandLumberjacks
53.2%
West CoastWaves
53.2%
Big SkyLumberjacks
53.2%
SouthernMocs
52.1%
SWACHornets
51.1%
Big SkyHornets
51.1%
MEACHornets
51.1%
MEACHawks
51.1%
SWACDelta Devils
50%
Big WestTitans
48.9%
Ohio ValleyGovernors
48.9%
SouthernTerriers
47.9%
SouthernPaladins
45.7%
SouthlandCowboys
44.7%
SouthernKeydets
44.7%
WACKangaroos
42.6%
Big WestMustangs
41.5%
Big West49ers
41.5%
Big WestGauchos
41.5%
Missouri ValleyRamblers
41.5%
West CoastPilots
41.5%
Ohio ValleyColonels
40.4%
SouthlandColonels
40.4%
Big SkyBengals
40.4%
Big SkyVikings
39.4%
WACRoadrunners
38.3%
SouthlandPrivateers
36.2%
SouthernCatamounts
36.2%
Ohio ValleyGolden Eagles
34%
West CoastToreros
34%
SouthernBuccaneers
33%
Ohio ValleySkyhawks
30.9%
SouthlandDemons
30.9%
SouthlandIslanders
30.9%
SWACGolden Lions
29.8%
Big SkyFighting Hawks
29.8%
SouthlandBearkats
28.7%
Big SkyThunderbirds
28.7%
WACAntelopes
27.7%
Big WestMatadors
24.5%
Big WestHighlanders
19.1%
WACVaqueros
14.9%

You're not logged in!

Compare scores with friends on all Sporcle quizzes.
OR
Log In

You Might Also Like...

Show Comments

Extras

Top Quizzes Today


Score Distribution

Your Account Isn't Verified!

In order to create a playlist on Sporcle, you need to verify the email address you used during registration. Go to your Sporcle Settings to finish the process.

Report this User

Report this user for behavior that violates our Community Guidelines.

Details: